Measuring intellectual capitalism

Bibliographic Details
Corporate Author: ProQuest (Firm)
Other Authors: Bart, Christopher K., Bontis, Nick.
Format: Electronic eBook
Language:English
Published: Bradford, England : Emerald Group Publishing, c2002.
Series:Journal of intellectual capital ; v.3, no. 3
Subjects:
Online Access:Click to View
LEADER 01234nam a2200337Ia 4500
001 EBC232197
003 MiAaPQ
005 20200520144314.0
006 m o d |
007 cr cn|||||||||
008 000815s2002 enk s 000 0 eng d
020 |z 0861767225 
035 |a (MiAaPQ)EBC232197 
035 |a (Au-PeEL)EBL232197 
035 |a (CaPaEBR)ebr10052804 
035 |a (CaONFJC)MIL47927 
035 |a (OCoLC)133168980 
040 |a MiAaPQ  |c MiAaPQ  |d MiAaPQ 
050 4 |a HD53  |b .M43 2002 
245 0 0 |a Measuring intellectual capitalism  |h [electronic resource] /  |c guest editors, Dr. Nick Bontis and Dr. Christopher K. Bart. 
260 |a Bradford, England :  |b Emerald Group Publishing,  |c c2002. 
300 |a 135 p. 
490 0 |a Journal of intellectual capital ;  |v v.3, no. 3 
533 |a Electronic reproduction. Ann Arbor, MI : ProQuest, 2015. Available via World Wide Web. Access may be limited to ProQuest affiliated libraries. 
650 0 |a Intellectual capital. 
650 0 |a Management. 
655 4 |a Electronic books. 
700 1 |a Bart, Christopher K. 
700 1 |a Bontis, Nick. 
710 2 |a ProQuest (Firm) 
856 4 0 |u https://ebookcentral.proquest.com/lib/matrademy/detail.action?docID=232197  |z Click to View